Southville International School and Colleges
Your cart is empty.
  • Cart
  • Lists
    Public lists Eva Luna New books Lux_list list_1
    Your lists Log in to create your own lists
  • Log in to your account
  • Your cookies
  • Search history
Southville International School and Colleges
  • Advanced search
  • Recent comments
  • Most popular
  • Libraries

Log in to your account

Log in with GOOGLE


If you do not have an external account, but do have a local account, you can still log in:

  1. Home
  2. MARC view: Animal mummies :
Normal view MARC view ISBD view

Animal mummies : (Record no. 110017)

[ view plain ]
MARC details
000 -LEADER
fixed length control field 00868nam a2200217 a 4500
001 - CONTROL NUMBER
control field 4128
005 - DATE AND TIME OF LATEST TRANSACTION
control field 20140414131848.0
008 - FIXED-LENGTH DATA ELEMENTS--GENERAL INFORMATION
fixed length control field 090209s19uu xx 00 eng d
020 ## - INTERNATIONAL STANDARD BOOK NUMBER
International Standard Book Number 0-7368-1305-5
050 ## - LIBRARY OF CONGRESS CALL NUMBER
Classification number M 393.3
Item number W64 2003
100 ## - MAIN ENTRY--PERSONAL NAME
Personal name Wilcox, Charlotte
245 ## - TITLE STATEMENT
Title Animal mummies :
Statement of responsibility, etc by Charlotte Wilcox.
Remainder of title preserved through the ages /
260 ## - PUBLICATION, DISTRIBUTION, ETC. (IMPRINT)
Place of publication, distribution, etc Mankato, Minnesota :
Name of publisher, distributor, etc Capstone Press,
Date of publication, distribution, etc c2003.
300 ## - PHYSICAL DESCRIPTION
Extent 32 p. : col., ill. cm.
440 ## - SERIES STATEMENT/ADDED ENTRY--TITLE
Title Mummies
500 ## - GENERAL NOTE
General note Includes bibliographical references and index.
520 ## - SUMMARY, ETC.
Summary, etc Describes animal mummies, some of the most famous animal mimmies and where they have been found, how animals are mummified, how scientists study them, and what they can teach us about the past.
650 ## - SUBJECT ADDED ENTRY--TOPICAL TERM
Topical term or geographic name as entry element Mummified animals
General subdivision Juvenile literature.
650 ## - SUBJECT ADDED ENTRY--TOPICAL TERM
Topical term or geographic name as entry element Animals remains remains (Archeology)
Holdings
Withdrawn status Lost status Damaged status Home library Current library Shelving location Date acquired Source of acquisition Total Checkouts Full call number Barcode Date last seen Price effective from Koha item type
      Munich Library Munich Library Main Section 02/09/2009     M 393.3 W64 2003 M0256 04/14/2014 04/14/2014 Books

Animal mummies :

APA

Wilcox C., . (2003). Animal mummies. Mankato, Minnesota: Capstone Press.

Chicago

Wilcox Charlotte, . 2003. Animal mummies. Mankato, Minnesota: Capstone Press.

Harvard

Wilcox C., . (2003). Animal mummies. Mankato, Minnesota: Capstone Press.

MLA

Wilcox Charlotte, . Animal mummies. Mankato, Minnesota: Capstone Press. 2003.

  • Place hold
  • Print
  • Cite
  • Add to your cart (remove)
  • Save record
    BIBTEX Dublin Core MARCXML MARC (non-Unicode/MARC-8) MARC (Unicode/UTF-8) MARC (Unicode/UTF-8, Standard) MODS (XML) RIS
  • More searches
    Search for this title in:
    Other Libraries (WorldCat) Other Databases (Google Scholar) Online Stores (Bookfinder.com) Open Library (openlibrary.org)

Exporting to Dublin Core...

SOUTHVILLE LIBRARY

Southville International School and Colleges Library

1281 Tropical Ave. Cor. Luxembourg St., BF Homes International, Las Pinas City

Tel. No. 8256374 / 252358 Loc. 117/146

Powered by Koha